Piano music for children
| Main Author: | |
|---|---|
| Other Authors: | , , , |
| Format: | CD Audio |
| Language: | Slovak English German |
| PhysicalDescription: | 1 zvuková platňa (64 min. 8 sek.) digital, stereo 12 cm |
| Published: |
Bratislava
Diskant
2005
|
| Subjects: |
MARC
| LEADER | 00000njm a2200000 a 4500 | ||
|---|---|---|---|
| 001 | vtls008640257 | ||
| 003 | SK-MaSNL | ||
| 005 | 20260302075032.0 | ||
| 007 | sd fsngnnmmned | ||
| 008 | 060329s2005 xo mun c e b slo | ||
| 015 | |a SNBJ2005 | ||
| 028 | 1 | 2 | |a 0084-2 131 |b DK |
| 040 | |a SNK |b slo |c SNK |e AACR2 | ||
| 041 | 0 | |a slo |a eng |a ger | |
| 044 | |a xo |c SK | ||
| 072 | 7 | |a 786 |x Hudba pre klávesové nástroje |2 konspekt | |
| 080 | |a 786.2 |2 2001 | ||
| 080 | |a (086.76) |2 2001 | ||
| 100 | 1 | |a Hatrík, Juraj, |d 1941-2021 |4 aut |9 212361 | |
| 245 | 1 | 0 | |a Piano music for children |h zvukový záznam |
| 260 | |a Bratislava |b Diskant |c 2005 | ||
| 300 | |a 1 zvuková platňa (64 min. 8 sek.) |b digital, stereo |c 12 cm | ||
| 505 | 0 | |a Obsahuje 5 diel | |
| 511 | 0 | |a Ida Černecká, František Pergler, Magdaléna Bajuszová, Ivan Gajan - klavír | |
| 518 | |a Nahraté: Žilina, Dom umenia Fatra, september 2005 | ||
| 650 | 0 | 7 | |a hudba pre klavír |2 SNKPH |9 3372 |
| 650 | 0 | 7 | |a detské skladby (klavír) |2 SNKPH |9 471199 |
| 650 | 0 | 7 | |a inštruktívna tvorba |2 SNKPH |9 296839 |
| 655 | 7 | |a kompaktné platne |2 SNKPH |9 70690 | |
| 700 | 1 | |a Černecká, Ida, |d 1920-2009 |4 mus |9 9633 | |
| 700 | 1 | |a Pergler, František, |d 1967- |4 mus |9 103661 | |
| 700 | 1 | |a Bajuszová, Magdaléna, |d 1976- |4 mus |9 106881 | |
| 700 | 1 | |a Gajan, Ivan, |d 1958-2025 |4 mus |9 40035 | |
| 999 | |c 1167567 |d 1169497 | ||
| 952 | |a SNK |b SNK |y PREZ |7 0 |p 17A0505004 |o snkSCD 1854 |i snk2006/6580 |8 0 |0 0 |1 0 |4 0 |d 2006-03-29 |l 0 |r 2026-02-24 20:53:15 |w 2026-02-24 | ||


